ՀՀ Գիտությունների ազգային ակադեմիայի հիմնարար գիտական գրադարան  =   Fundamental Scientific Library of NAS RA

Сельскохозяйственные машины : (Record no. 467454)

MARC details
000 -LEADER
fixed length control field 01145cam a2200241 a 4500
001 - CONTROL NUMBER
control field 000661793
003 - CONTROL NUMBER IDENTIFIER
control field AM-YeHGA
005 - DATE AND TIME OF LATEST TRANSACTION
control field 20250617161215.0
008 - FIXED-LENGTH DATA ELEMENTS--GENERAL INFORMATION
fixed length control field 090527s1967 ai | |||||||||||||rus|d
040 ## - CATALOGING SOURCE
Original cataloging agency AM-YeHGA
041 0# - LANGUAGE CODE
Language code of text/sound track or separate title rus
090 ## - LOCALLY ASSIGNED LC-TYPE CALL NUMBER (OCLC); LOCAL CALL NUMBER (RLIN)
-- 470683
245 00 - TITLE STATEMENT
Title Сельскохозяйственные машины :
Remainder of title Теория и технологический расчет /
Statement of responsibility, etc. Б.Г. Турбин, А.Б. Лурье, С.М. Григорьев и др.; Под. ред. Б.Г. Турбина.
250 ## - EDITION STATEMENT
Edition statement 2-е изд., перераб. и доп.
260 ## - PUBLICATION, DISTRIBUTION, ETC.
Place of publication, distribution, etc. Ленинград :
Name of publisher, distributor, etc. Машиностроение,
Date of publication, distribution, etc. 1967.
300 ## - PHYSICAL DESCRIPTION
Extent 584 с. :
Other physical details ил., табл. ;
Dimensions 26 см.
504 ## - BIBLIOGRAPHY, ETC. NOTE
Bibliography, etc. note Библиогр. в подстроч. примеч.
650 14 - SUBJECT ADDED ENTRY--TOPICAL TERM
Topical term or geographic name entry element Сельскохозяйственные машины и орудия
650 14 - SUBJECT ADDED ENTRY--TOPICAL TERM
Topical term or geographic name entry element Механизация сельского хозяйства
700 1# - ADDED ENTRY--PERSONAL NAME
Personal name Турбин, Борис Григорьевич
Relator term авт., ред.
Relationship aut
-- edt
700 1# - ADDED ENTRY--PERSONAL NAME
Personal name Лурье, Абрам Бенцианович
700 1# - ADDED ENTRY--PERSONAL NAME
Personal name Григорьев, Сергей Михайлович
Holdings
Withdrawn status Lost status Damaged status Not for loan Collection Home library Current library Date acquired Total checkouts Full call number Barcode Date last seen Price effective from Koha item type Public note
        General Fundamental Scientific Library Fundamental Scientific Library 05/03/2018   PIII/24717 FL0486756 05/03/2018 05/03/2018 Գրքեր / Books 30 Days Loan


ՀՀ ԳԱԱ հիմնարար գիտական գրադարան
ՀՀ,Երևան 0019
Մարշալ Բաղրամյան 24/6
հեռախոս:(374-10) 52-47-50
Հետադարձ կապ

All site content, except where otherwise noted, is licensed under a
Creative Commons License